=LDR 00000nam 2200000 4500 =001 INLIS000000000048150 =005 20160614124309.0 =006 =007 =008 =020 ##$$a 979-538-020-6 =035 ##$$0010-061600000000006 =082 ##$$a 370.71 =090 ##$$a 370.71 Ham p =100 ##$$a Hamalik, Oemar $q DR. Oemar Hamalik =245 ##$$a Pendidikan Guru konsep dan Strategi =260 ##$$a Bandung $b Mandar Maju $c 1991 =300 ##$$a viii, 177 hlm $b ilus $c 25 cm =990 ##$$a 0001/BPAP-NTB/2016 =990 ##$$a 0001/BPAP-NTB/2016